[Event "II Liga CS - Zapad"]
[Site "Vrnjacka banja"]
[Date "2008.09.28"]
[Round "3.2"]
[White "Radibratovic, Predrag"]
[Black "Grubisic, Ilija"]
[Result "1/2-1/2"]
[WhiteElo "2334"]
[BlackElo "2275"]
[PlyCount "63"]
[EventDate "2008.09.14"]

1. e4 c5 2. Nf3 d6 3. Bb5+ Bd7 4. Bxd7+ Nxd7 5. O-O Ngf6 6. Re1 e6 7. c3 Be7 8.
d4 O-O 9. Nbd2 cxd4 10. cxd4 Qc7 11. b3 b5 12. Qe2 Qb7 13. Ba3 b4 14. Bb2 a5
15. a4 bxa3 16. Bxa3 Nb6 17. Qb5 Rfb8 18. e5 Ne8 19. Nc4 Qc7 20. Nxd6 Nxd6 21.
exd6 Bxd6 22. Bxd6 Qxd6 23. Rxa5 Rxa5 24. Qxa5 Nd5 25. Rb1 f6 26. Qe1 Kf7 27.
Qd2 Qa3 28. Qc2 g6 29. g3 Qa6 30. Rc1 Qb6 31. Rb1 Qa6 32. Rc1 1/2-1/2

[Event "II Liga CS - Zapad"]
[Site "Vrnjacka banja"]
[Date "2008.09.28"]
[Round "3.2"]
[White "Milosevic, Zoran"]
[Black "Todic, Zoran"]
[Result "1/2-1/2"]
[WhiteElo "2279"]
[BlackElo "2252"]
[PlyCount "76"]
[EventDate "2008.09.14"]

1. d4 d6 2. Nf3 Nd7 3. c4 e5 4. dxe5 dxe5 5. Nc3 c6 6. g3 Be7 7. Bg2 Ngf6 8.
O-O Qc7 9. Qc2 h6 10. h3 Nf8 11. Rd1 Be6 12. b3 g5 13. Bb2 Ng6 14. e3 g4 15.
hxg4 Nxg4 16. Na4 h5 17. e4 h4 18. Nxh4 Nxh4 19. gxh4 Bxh4 20. Rd2 b6 21. f4
Bg3 22. Bxe5 Nxe5 23. fxe5 Qxe5 24. Qc3 Qxc3 25. Nxc3 Be5 26. Rd3 Ke7 27. Rad1
Rag8 28. R1d2 Rh4 29. Kf1 Rf4+ 30. Rf2 Rxf2+ 31. Kxf2 Bxc3 32. Rxc3 Kd6 33.
Rd3+ Ke5 34. Rd2 b5 35. cxb5 cxb5 36. Rc2 Kd4 37. Rc6 a5 38. Bf1 Rb8 1/2-1/2

[Event "II Liga CS - Zapad"]
[Site "Vrnjacka banja"]
[Date "2008.09.28"]
[Round "3.2"]
[White "Radojcic, Slobodan"]
[Black "Bojanic, Bratislav"]
[Result "1/2-1/2"]
[WhiteElo "2263"]
[BlackElo "2205"]
[PlyCount "96"]
[EventDate "2008.09.14"]

1. d4 Nf6 2. c4 c5 3. d5 b5 4. cxb5 a6 5. e3 axb5 6. Bxb5 g6 7. Nc3 Bg7 8. e4
Nxe4 9. Bxd7+ Bxd7 10. Nxe4 Ra4 11. Nc3 Bxc3+ 12. bxc3 Re4+ 13. Be3 Bb5 14. Qb1
Qa5 15. Ne2 f5 16. O-O O-O 17. Re1 Bxe2 18. Rxe2 Qxc3 19. Rc2 Qd3 20. Bh6 Rd8
21. Rxc5 Qxb1+ 22. Rxb1 Nd7 23. Ra5 Nf6 24. Rd1 Re5 25. Bg5 Rdxd5 26. Raxd5
Rxd5 27. Rxd5 Nxd5 28. Bd2 Nb6 29. f4 Kf7 30. Kf2 Ke6 31. Bc3 Kd5 32. Ke3 Kc4
33. Kd2 Na4 34. Bg7 Nb6 35. g3 Na4 36. Kc2 e6 37. Be5 Nc5 38. Kd2 Na4 39. Ke3
Nb6 40. Bg7 Nd5+ 41. Kd2 Nb6 42. Bf8 Na4 43. Kc2 Nc3 44. a3 Na4 45. Bb4 Nb6 46.
Bd6 Na4 47. Bc7 Nc3 48. Be5 Na4 1/2-1/2

[Event "II Liga CS - Zapad"]
[Site "Vrnjacka banja"]
[Date "2008.09.28"]
[Round "3.2"]
[White "Drcelic, Sreten"]
[Black "Cubrakovic, Velibor"]
[Result "1/2-1/2"]
[WhiteElo "2243"]
[BlackElo "2219"]
[Annotator ",compaq"]
[PlyCount "50"]
[EventDate "2008.09.14"]

1. d4 Nf6 2. c4 e6 3. Nc3 d5 4. Bg5 Be7 5. e3 O-O 6. Qc2 Nbd7 7. Nf3 a6 8. a3
h6 9. Bh4 dxc4 10. Bxc4 b5 11. Ba2 Bb7 12. O-O c5 13. dxc5 Nxc5 14. Rfd1 Qb6
15. Rac1 Rac8 16. Qe2 Nce4 17. Nxe4 Bxe4 18. Ne5 Qb7 19. f3 Bd5 20. Bxf6 Rxc1
21. Rxc1 Bxf6 22. Bxd5 Qxd5 23. Nc6 Qb3 24. Rc2 g6 25. e4 Bg7 {...necitko}
1/2-1/2

[Event "II Liga CS - Zapad"]
[Site "Vrnjacka banja"]
[Date "2008.09.28"]
[Round "3.2"]
[White "Bosiljcic, Zoran"]
[Black "Vasic, Vladimir"]
[Result "1/2-1/2"]
[WhiteElo "2113"]
[BlackElo "2191"]
[Annotator ",compaq"]
[PlyCount "56"]
[EventDate "2008.09.14"]

1. e4 e5 2. Nf3 Nc6 3. Bc4 Bc5 4. O-O Nf6 5. Nc3 d6 6. h3 a6 7. a3 O-O 8. d3 b5
9. Ba2 Be6 10. Nd5 Bxd5 11. exd5 Ne7 12. Bg5 Nf5 13. Nd2 h6 14. Bxf6 Qxf6 15.
Ne4 Qg6 16. Qg4 Bb6 17. Kh2 Ne7 18. Qxg6 Nxg6 19. g3 f5 20. Nd2 Rae8 21. Rae1
Kh7 22. Kg2 Re7 23. c3 Ref7 24. h4 f4 25. h5 Ne7 26. g4 g6 27. Rh1 g5 28. Nf3
Kg7 {...necitko} 1/2-1/2

[Event "II Liga CS - Zapad"]
[Site "Vrnjacka banja"]
[Date "2008.09.28"]
[Round "3.2"]
[White "Sredojevic, Srdjan"]
[Black "Jovic, Miodrag"]
[Result "0-1"]
[WhiteElo "2163"]
[BlackElo "2222"]
[PlyCount "59"]
[EventDate "2008.09.14"]

1. Nf3 d5 2. d4 Bf5 3. Bf4 e6 4. e3 Nd7 5. Be2 Ngf6 6. O-O Ne4 7. Nbd2 g5 8.
Be5 f6 9. Bg3 h5 10. Nxe4 dxe4 11. Nxg5 fxg5 12. Bxh5+ Ke7 13. c4 Nf6 14. Be2
Kf7 15. Be5 Bd6 16. Qb3 b6 17. f3 Qf8 18. fxe4 Bxe5 19. dxe5 Nxe4 20. Bf3 Nd2
21. Qa4 Rd8 22. Rf2 Qc5 23. Bd5 exd5 24. Qc2 Ne4 25. Rxf5+ Ke6 26. cxd5+ Kxf5
27. Qd3 Qxd5 28. Qa3 Qa5 29. Rf1+ Kg6 30. h3 0-1

[Event "II Liga CS - Zapad"]
[Site "Vrnjacka banja"]
[Date "2008.09.28"]
[Round "3.3"]
[White "Milosevic, Boban"]
[Black "Sredojevic, Ivan"]
[Result "1/2-1/2"]
[WhiteElo "2291"]
[BlackElo "2396"]
[PlyCount "71"]
[EventDate "2008.09.14"]

1. e4 c5 2. Nf3 e6 3. d4 cxd4 4. Nxd4 Nf6 5. Bd3 Qb6 6. Nf3 d6 7. O-O Nbd7 8.
Na3 a6 9. Nc4 Qc7 10. a4 Nxe4 11. Re1 Nef6 12. Bf4 Be7 13. Nd4 g6 14. Nxe6 fxe6
15. Rxe6 Nc5 16. Bxd6 Nxe6 17. Bxc7 Nxc7 18. Nb6 Rb8 19. Nxc8 Rxc8 20. Bc4 Kf8
21. Qf3 b5 22. axb5 axb5 23. Bb3 Kg7 24. g4 Rhf8 25. g5 Nfd5 26. Qe4 Rf5 27.
Qd4+ Kf7 28. h4 Rd8 29. Re1 Ne6 30. Qe4 Rd6 31. c3 Bf8 32. Rd1 Rf4 33. Qe5 Rf5
34. Qe2 Ndc7 35. Rxd6 Bxd6 36. Bc2 1/2-1/2

[Event "II Liga CS - Zapad"]
[Site "Vrnjacka banja"]
[Date "2008.09.28"]
[Round "3.3"]
[White "Obradovic, Blazimir"]
[Black "Cabarkapa, Miomir"]
[Result "1/2-1/2"]
[WhiteElo "2257"]
[BlackElo "2173"]
[PlyCount "80"]
[EventDate "2008.09.14"]

1. d4 Nf6 2. c4 g6 3. Nc3 d5 4. cxd5 Nxd5 5. e4 Nxc3 6. bxc3 Bg7 7. Bc4 O-O 8.
Ne2 c5 9. O-O cxd4 10. cxd4 Nc6 11. Be3 Na5 12. Bd3 b6 13. Rc1 Bb7 14. Qa4 Rc8
15. Rxc8 Qxc8 16. Rc1 Qa8 17. d5 Rc8 18. Rxc8+ Qxc8 19. Bd2 Qd8 20. Qb5 Bc8 21.
Bxa5 Bd7 22. Qa6 bxa5 23. Qxa7 Be5 24. Qb7 Bg4 25. h3 Bxe2 26. Bxe2 Bd4 27. Qc6
Qb8 28. Bb5 Kg7 29. a4 h5 30. Qc4 Qb6 31. Qe2 Qc5 32. g3 h4 33. gxh4 Qc1+ 34.
Kg2 Qf4 35. Qf3 Qxh4 36. Be8 Qg5+ 37. Kf1 Qc1+ 38. Kg2 Qg5+ 39. Kf1 Qc1+ 40.
Kg2 Qg5+ 1/2-1/2

[Event "II Liga CS - Zapad"]
[Site "Vrnjacka banja"]
[Date "2008.09.28"]
[Round "3.3"]
[White "Jovcic, Zoran"]
[Black "Avramovic, Zoran"]
[Result "0-1"]
[WhiteElo "2139"]
[BlackElo "2238"]
[PlyCount "100"]
[EventDate "2008.09.14"]

1. e4 e5 2. Nf3 Nf6 3. Nxe5 d6 4. Nf3 Nxe4 5. Nc3 Nf6 6. d4 d5 7. Bd3 Bg4 8.
Bg5 Be7 9. h3 Bh5 10. O-O O-O 11. Re1 Nc6 12. Be2 h6 13. Bh4 Ne4 14. Bxe7 Nxe7
15. Ne5 Nxc3 16. bxc3 Bxe2 17. Rxe2 f6 18. Ng4 Ng6 19. Qd2 Qd7 20. Re3 Rae8 21.
Rg3 Kh7 22. Ne3 f5 23. Qd3 Re4 24. Rf3 Nh4 25. Ng4 Nxf3+ 26. gxf3 fxg4 27. fxe4
Rf3 28. Qe2 Rxh3 29. e5 Qe6 30. Rb1 Qg6 31. Kg2 Qh5 32. Rg1 Rh2+ 33. Kf1 Qh3+
34. Ke1 Qxc3+ 35. Kf1 Qa1+ 36. Qe1 Qxd4 37. e6 Qc4+ 38. Qe2 Qxe2+ 39. Kxe2 Rh5
40. Rxg4 Re5+ 41. Kd3 Rxe6 42. Rd4 Rd6 43. Ke3 g5 44. f4 Kg6 45. fxg5 hxg5 46.
Kf3 Kf5 47. Ra4 Ra6 48. Rb4 Ra3+ 49. Ke2 b6 50. Rb5 c6 0-1

[Event "II Liga CS - Zapad"]
[Site "Vrnjacka banja"]
[Date "2008.09.28"]
[Round "3.3"]
[White "Mircic, Ivan"]
[Black "Djuricic, Toma"]
[Result "1-0"]
[WhiteElo "2230"]
[BlackElo "2171"]
[PlyCount "61"]
[EventDate "2008.09.14"]

1. Nf3 Nf6 2. g3 g6 3. Bg2 Bg7 4. O-O O-O 5. c4 d6 6. Nc3 Nbd7 7. d4 e5 8. e4
exd4 9. Nxd4 Nc5 10. h3 a5 11. Be3 Re8 12. f3 Nh5 13. Bf2 Be5 14. f4 Bh8 15.
Qd2 Bd7 16. Rae1 Ne6 17. Nde2 Nhg7 18. g4 Bc6 19. f5 Ng5 20. f6 Qxf6 21. Bd4
Qd8 22. Bf6 Nxe4 23. Nxe4 Qd7 24. N2c3 Re6 25. Bd4 Ne8 26. Bxh8 Kxh8 27. Qh6
Qe7 28. Ng5 Nf6 29. Rxe6 fxe6 30. Rxf6 Qg7 31. Qxg7+ 1-0

[Event "II Liga CS - Zapad"]
[Site "Vrnjacka banja"]
[Date "2008.09.28"]
[Round "3.5"]
[White "Raicevic, Momcilo"]
[Black "Ivanovic, Dragutin"]
[Result "0-1"]
[WhiteElo "2359"]
[BlackElo "2343"]
[PlyCount "46"]
[EventDate "2008.09.14"]

1. c4 e5 2. g3 Nf6 3. Bg2 Bc5 4. Nc3 O-O 5. e3 Nc6 6. Nge2 Re8 7. O-O d6 8. a3
Bg4 9. h3 Bh5 10. b4 Bb6 11. a4 a5 12. b5 Nb4 13. Bxb7 Bg6 14. Ba3 Bc2 15. Qc1
Bd3 16. Bg2 Bxc4 17. Qb2 d5 18. Rfd1 Nd3 19. Qc2 e4 20. f3 exf3 21. Bxf3 d4 22.
Nb1 Ne5 23. Bxa8 d3 0-1

[Event "II Liga CS - Zapad"]
[Site "Vrnjacka banja"]
[Date "2008.09.28"]
[Round "3.5"]
[White "Milanovic, Slavisa"]
[Black "Jovanovic, Nenad R"]
[Result "1/2-1/2"]
[WhiteElo "2340"]
[BlackElo "2353"]
[PlyCount "24"]
[EventDate "2008.09.14"]

1. c4 e6 2. Nc3 d5 3. d4 c5 4. cxd5 cxd4 5. Qa4+ Bd7 6. Qxd4 exd5 7. Qxd5 Nc6
8. Nf3 Nf6 9. Qd1 Bc5 10. e3 Qe7 11. Be2 g5 12. O-O g4 1/2-1/2

[Event "II Liga CS - Zapad"]
[Site "Vrnjacka banja"]
[Date "2008.09.28"]
[Round "3.5"]
[White "Lukic, Dragan M"]
[Black "Nikolic, Dragovan"]
[Result "1-0"]
[WhiteElo "2236"]
[BlackElo "2307"]
[PlyCount "110"]
[EventDate "2008.09.14"]

1. e4 c5 2. Nf3 Nc6 3. d4 cxd4 4. Nxd4 g6 5. c4 Bg7 6. Be3 Nf6 7. Nc3 O-O 8.
Be2 d6 9. f3 Bd7 10. Nc2 a5 11. Na4 Ne5 12. Nb6 Rb8 13. Nxd7 Nfxd7 14. Qd2 Qc7
15. Na3 Rfc8 16. Rc1 Qd8 17. O-O Nc5 18. Rfd1 Ra8 19. Nb5 Qf8 20. b3 h5 21. Nc3
Ne6 22. Nd5 Nd7 23. f4 Nc7 24. f5 Nxd5 25. Qxd5 Nf6 26. Qd3 Bh6 27. fxg6 fxg6
28. e5 Bxe3+ 29. Qxe3 dxe5 30. Qxe5 b6 31. Qe6+ Kh7 32. Qxb6 Qh6 33. Qe6 Rc7
34. Rc3 Rf8 35. Rg3 h4 36. Rgd3 Qg5 37. h3 Kg7 38. Bf3 Rf7 39. Re1 Qc5+ 40. Qe3
Qa3 41. Re2 a4 42. Qf4 Qc5+ 43. Qd4 Qg5 44. Re5 Qc1+ 45. Kh2 Qa3 46. Qxh4 Qxa2
47. Ra5 Qc2 48. Rd8 Nh7 49. Raa8 Rxf3 50. Rg8+ Kf7 51. Qxh7+ Ke6 52. Rxg6+ Kd7
53. Rd6+ Kxd6 54. Qxc2 Rxb3 55. Rxa4 Rcb7 1-0

[Event "II Liga CS - Zapad"]
[Site "Vrnjacka banja"]
[Date "2008.09.28"]
[Round "3.5"]
[White "Vuckovic, Branko"]
[Black "Nikolajevic, Branislav"]
[Result "0-1"]
[WhiteElo "2226"]
[BlackElo "2170"]
[PlyCount "104"]
[EventDate "2008.09.14"]

1. e4 c5 2. d4 cxd4 3. c3 d3 4. Bxd3 Nc6 5. f4 d5 6. e5 Nh6 7. Nf3 Bf5 8. Bxf5
Nxf5 9. g4 Nh6 10. e6 fxe6 11. Ng5 Qd7 12. Qe2 Nd8 13. Be3 Nhf7 14. Nxf7 Nxf7
15. Bd4 Rg8 16. h4 g6 17. Nd2 Bg7 18. Nf3 Qd6 19. Bxg7 Rxg7 20. Nd4 Nd8 21. Rf1
Rf7 22. Qe3 Kd7 23. O-O-O a6 24. Nf3 Rf8 25. c4 Rc8 26. Ne5+ Ke8 27. Kb1 Nf7
28. cxd5 Nxe5 29. fxe5 Rxf1 30. Rxf1 Qxd5 31. Qf4 Rc4 32. Qf8+ Kd7 33. Re1 Qd3+
34. Ka1 Qe2 35. Rb1 Qxe5 36. Rd1+ Rd4 37. Rc1 Qc5 38. Qf1 Qd6 39. Qf8 Rc4 40.
Rb1 Qd5 41. Qf1 Rxg4 42. Rc1 Rd4 43. Qe1 b5 44. a3 e5 45. Qg3 Kd6 46. Qe1 Rd2
47. Qe3 Qd4 48. Qb3 Rd3 49. Qg8 Rxa3+ 50. Kb1 Qd3+ 51. Rc2 Qd1+ 52. Rc1 Ra1+
0-1

[Event "II Liga CS - Zapad"]
[Site "Vrnjacka banja"]
[Date "2008.09.28"]
[Round "3.5"]
[White "Ristovic, Radovan"]
[Black "Dragicevic, Dragan"]
[Result "0-1"]
[WhiteElo "2147"]
[BlackElo "2202"]
[PlyCount "78"]
[EventDate "2008.09.14"]

1. e4 e6 2. d4 d5 3. Nd2 Nf6 4. e5 Nfd7 5. Bd3 c5 6. c3 Nc6 7. Ne2 cxd4 8. cxd4
f6 9. exf6 Nxf6 10. Nf3 Bd6 11. O-O Qc7 12. Bg5 O-O 13. Bh4 Nh5 14. Bg3 Nxg3
15. Nxg3 g6 16. Qe2 Qg7 17. Rad1 Rf4 18. Qe3 Nxd4 19. Nxd4 Qxd4 20. Qc1 Qg7 21.
Ne2 Rb4 22. Rd2 Bd7 23. Rc2 Rf8 24. a3 Rb6 25. b4 Rc6 26. Rxc6 Bxc6 27. Qe3 Qe5
28. Qxe5 Bxe5 29. f4 Bb2 30. Rb1 Bf6 31. Rc1 Rc8 32. Kf2 Bd7 33. Rxc8+ Bxc8 34.
Ke3 Kf7 35. Nd4 Ke7 36. g3 e5 37. fxe5 Bxe5 38. Nf3 Bf6 39. h4 Be6 0-1

[Event "II Liga CS - Zapad"]
[Site "Vrnjacka banja"]
[Date "2008.09.28"]
[Round "3.5"]
[White "Vilimonovic, Bozidar"]
[Black "Nesic, Dragisa"]
[Result "1-0"]
[WhiteElo "2213"]
[BlackElo "2161"]
[Annotator ",compaq"]
[PlyCount "49"]
[EventDate "2008.09.14"]

1. d4 e6 2. c4 b6 3. a3 Bb7 4. Nc3 f5 5. Nf3 Nf6 6. g3 Ne4 7. Qc2 c5 8. d5 Nxc3
9. bxc3 Be7 10. Bg2 O-O 11. O-O exd5 12. Nd2 d6 13. cxd5 Nd7 14. c4 Qe8 15. Rb1
Qh5 16. e3 g5 17. Bb2 Bc8 18. f4 Bf6 19. Rfe1 Bxb2 20. Qxb2 Nf6 21. e4 fxe4 22.
Nxe4 Nxe4 23. Rxe4 gxf4 24. Rxf4 Rxf4 25. gxf4 {...necitko} 1-0

[Event "II Liga CS - Zapad"]
[Site "Vrnjacka banja"]
[Date "2008.09.28"]
[Round "3.6"]
[White "Marcetic, Predrag"]
[Black "Andonov, Bogomil"]
[Result "0-1"]
[WhiteElo "2212"]
[BlackElo "2326"]
[PlyCount "104"]
[EventDate "2008.09.14"]

1. d4 d6 2. c4 e5 3. dxe5 dxe5 4. Qxd8+ Kxd8 5. Nc3 Be6 6. e4 Nd7 7. Be3 Bc5 8.
Bxc5 Nxc5 9. O-O-O+ Kc8 10. Nf3 f6 11. b4 Nd7 12. Kb2 a5 13. a3 Ne7 14. Nd5 Re8
15. Be2 c6 16. Nc3 Kc7 17. c5 axb4 18. axb4 b6 19. cxb6+ Nxb6 20. Ra1 Reb8 21.
Nd2 Nec8 22. Kc2 Nd6 23. Nb3 Bxb3+ 24. Kxb3 Nd7 25. Rxa8 Rxa8 26. f3 Rb8 27.
Rc1 Nc5+ 28. Ka2 Ne6 29. b5 c5 30. Nd5+ Kb7 31. Bf1 Ra8+ 32. Kb2 Ra5 33. b6 Nf8
34. Kc3 Nd7 35. Rb1 Nc8 36. Bc4 Ndxb6 37. Ne3 Ne7 38. Be6 Kc6 39. Bf7 Ra3+ 40.
Kd2 Ra8 41. Kc3 Ra3+ 42. Kd2 Ra8 43. Kc3 Rd8 44. Ra1 Rf8 45. Be6 Ra8 46. Rb1
Ra7 47. h4 Ra3+ 48. Kd2 Ra4 49. Bf7 Ra8 50. Kc3 g6 51. Be6 Rd8 52. Ra1 Kd6 0-1

[Event "II Liga CS - Zapad"]
[Site "Vrnjacka banja"]
[Date "2008.09.28"]
[Round "3.6"]
[White "Djakovac, Enes"]
[Black "Dolovic, Dusko"]
[Result "1-0"]
[WhiteElo "2205"]
[BlackElo "2199"]
[PlyCount "88"]
[EventDate "2008.09.14"]

1. e4 c5 2. Nf3 e6 3. d4 cxd4 4. Nxd4 a6 5. Be3 Nf6 6. Bd3 Qc7 7. O-O d5 8.
exd5 Nxd5 9. Bd2 Nf6 10. Qf3 Be7 11. Re1 O-O 12. Bc3 Nd5 13. Nf5 Bf6 14. Nh6+
Kh8 15. Qe4 g6 16. Bxf6+ Nxf6 17. Qd4 Kg7 18. Ng4 Qd8 19. Qc3 h5 20. Ne5 Nbd7
21. Nd2 Nxe5 22. Qxe5 Kg8 23. Rad1 Ng4 24. Qg3 f5 25. h3 h4 26. Qf3 Nh6 27. Bc4
Qf6 28. Qb3 Re8 29. Nf3 Nf7 30. Qb6 Kg7 31. a4 g5 32. b3 g4 33. hxg4 fxg4 34.
Nd2 Ng5 35. Ne4 Nxe4 36. Rxe4 e5 37. Rd6 Qg5 38. Qc7+ Re7 39. Qd8 Kh7 40. Qf8
Bf5 41. Rh6+ Qxh6 42. Qxe7+ Kg6 43. Rxe5 Rf8 44. Bd3 Qc1+ 1-0

[Event "II Liga CS - Zapad"]
[Site "Vrnjacka banja"]
[Date "2008.09.28"]
[Round "3.6"]
[White "Djokovic, Nebojsa"]
[Black "Milosavljevic, Milisav"]
[Result "1-0"]
[WhiteElo "2158"]
[BlackElo "2216"]
[PlyCount "67"]
[EventDate "2008.09.14"]

1. e4 c5 2. Nc3 Nc6 3. g3 g6 4. Bg2 Bg7 5. Nge2 e6 6. O-O Nge7 7. d3 O-O 8. Bg5
h6 9. Be3 Nd4 10. Qd2 Kh7 11. Na4 d6 12. Nac3 Bd7 13. Nd1 Bc6 14. c3 Nxe2+ 15.
Qxe2 b6 16. f4 d5 17. Nf2 Qd7 18. Rad1 Rac8 19. Bc1 Rfd8 20. e5 Nf5 21. Qf3 d4
22. Ne4 dxc3 23. bxc3 Bd5 24. g4 Nh4 25. Qh3 Nxg2 26. Nf6+ Bxf6 27. exf6 Rg8
28. Rf2 Ba8 29. Rxg2 Bxg2 30. Kxg2 Qd5+ 31. Kg1 Qxa2 32. Rf1 Rcd8 33. Rf3 Qc2
34. Qxh6+ 1-0

[Event "II Liga CS - Zapad"]
[Site "Vrnjacka banja"]
[Date "2008.09.28"]
[Round "3.6"]
[White "Milosavljevic, Zoran"]
[Black "Mijanovic, Dragan"]
[Result "1-0"]
[WhiteElo "2217"]
[BlackElo "2115"]
[PlyCount "61"]
[EventDate "2008.09.14"]

1. e4 c6 2. d4 d5 3. Bd3 g6 4. Nf3 Bg4 5. exd5 cxd5 6. O-O Nc6 7. c3 Bg7 8. Re1
e6 9. h3 Bxf3 10. Qxf3 Rc8 11. Nd2 Nge7 12. Nf1 O-O 13. Bf4 a6 14. Ne3 b5 15.
Ng4 Nf5 16. Re2 Nfxd4 17. cxd4 Nxd4 18. Qe3 Nxe2+ 19. Qxe2 h5 20. Ne5 Qf6 21.
Bg3 Rfd8 22. Re1 h4 23. Bh2 Qg5 24. Nxf7 Qh5 25. Qxh5 gxh5 26. Nxd8 Rxd8 27.
Rxe6 Bxb2 28. Rxa6 Bd4 29. Bf4 b4 30. Rg6+ Kf7 31. Rd6 1-0

[Event "II Liga CS - Zapad"]
[Site "Vrnjacka banja"]
[Date "2008.09.28"]
[Round "3.6"]
[White "Jelisavcic, Srdjan"]
[Black "Ikic, Alija"]
[Result "0-1"]
[WhiteElo "2117"]
[BlackElo "2142"]
[PlyCount "150"]
[EventDate "2008.09.14"]

1. e4 d6 2. d4 Nf6 3. Nc3 g6 4. f3 c6 5. Be3 Bg7 6. Qd2 Qa5 7. Nge2 Nbd7 8. Bh6
Bxh6 9. Qxh6 b5 10. Qd2 Bb7 11. Nc1 Qc7 12. Nd3 a6 13. g4 c5 14. d5 Nb6 15. Nf4
Nfd7 16. Be2 Ne5 17. O-O Nec4 18. Bxc4 Nxc4 19. Qc1 b4 20. Nd1 a5 21. Nd3 Nb6
22. c4 O-O-O 23. b3 Kb8 24. Re1 e5 25. f4 Qd7 26. N1f2 f6 27. Qe3 h5 28. fxe5
fxe5 29. Qg3 Qe7 30. Rf1 Nd7 31. a3 hxg4 32. axb4 axb4 33. Nxg4 Rdf8 34. Rxf8+
Rxf8 35. Rf1 Rxf1+ 36. Kxf1 Bc8 37. Kg2 Kc7 38. Ndf2 Nf6 39. Qh4 Nxd5 40. Qxe7+
Nxe7 41. Nf6 Be6 42. Ne8+ Kd7 43. Nf6+ Kd8 44. Kg3 Nc6 45. Kh4 Nd4 46. Kg5 Nf3+
47. Kxg6 Nxh2 48. Nd3 Nf3 49. Nc1 Nd2 50. Kg5 Nxc4 51. bxc4 Bxc4 52. Nd5 b3 53.
Nxb3 Bxb3 54. Nc3 Ke7 55. Kg4 Be6+ 56. Kf3 Kd7 57. Ke3 Kc6 58. Kd2 Kb6 59. Nd1
Kb5 60. Kc3 Bg4 61. Ne3 Bf3 62. Nc4 Kc6 63. Nd2 Be2 64. Nb3 Ba6 65. Nd2 d5 66.
exd5+ Kxd5 67. Nf3 e4 68. Ne1 Ke5 69. Kd2 Kf4 70. Nc2 Bd3 71. Ne3 c4 72. Ng2+
Kf3 73. Nh4+ Kf2 74. Nf5 Bf1 75. Kc3 e3 0-1